000 00686nam a22001937a 4500
003 AR-FvUNAJ
005 20250307160506.0
008 250307b ||||| |||| 00| 0 spa d
020 _a968-16-3382-2
082 1 4 _214
_a658.4
245 0 0 _aEstrategia, planificación y control /
_ccompilación y traducción de Luis René Cáceres
260 _aMéxico, D.F.:
_bFondo de Cultura Económica,
_c1991
300 _a517 p.
650 2 7 _9366
_aPLANIFICACION ESTRATEGICA
_2unescot
650 2 7 _9363
_aADMINISTRACION DE EMPRESAS
_2unescot
700 1 _921371
_aCáceres, Luis René
_ecomp.
_etrad.
942 _cLIBRO
_2ddc
980 _619226
_a Palazón Marcela I.
_819226
_g Palazón Marcela I.
999 _c10819
_d10819